| 000 | 00651nam a22002057a 4500 | ||
|---|---|---|---|
| 005 | 20180706112222.0 | ||
| 010 | _aENG-123392 | ||
| 020 |
_c330.00 _a9789352833276 |
||
| 035 | _aEN-106924 | ||
| 037 | _bDBAD/PUB | ||
| 082 | _a658.15 | ||
| 100 | _aPalanivelu, V.R. | ||
| 245 | 0 | 0 |
_aFinancial management : _cby V.R. Palanivelu _b(theory, problems and solutions) / |
| 250 | _a3rd edn. | ||
| 260 |
_aNew Delhi _bS. Chand and Company _c2018 |
||
| 270 |
_a7361, Ram Nagar, _bNew Delhi _e110055 |
||
| 300 |
_a445p. _c27cm(pbk) _bill. |
||
| 500 | _aIt include university question papers and appendix | ||
| 942 |
_2ddc _cEN _mPAL _h658.15 |
||
| 999 |
_c153480 _d153480 |
||